Central Library OPAC University of Rajshahi

The works of Robert Browning / (Record no. 85866)

MARC details
000 -LEADER
fixed length control field 02231cam a22003731 4500
001 - CONTROL NUMBER
control field 85866
003 - CONTROL NUMBER IDENTIFIER
rucl marc code BD-RjUL
005 - DATE AND TIME OF LATEST TRANSACTION
control field 20251015144345.0
008 - FIXED-LENGTH DATA ELEMENTS--GENERAL INFORMATION
fixed length control field 251015s1912 xx 000 0 eng
035 ## - SYSTEM CONTROL NUMBER
System control number 9167268
System control number (BD-RjUL)85866
System control number (OCoLC)1241759
040 ## - CATALOGING SOURCE
Original cataloging agency DLC
Transcribing agency NmU
Modifying agency OCoLC
-- DLC
Language of cataloging eng
041 ## - LANGUAGE CODE
Language code of text/sound track or separate title eng
042 ## - AUTHENTICATION CODE
Authentication code premarc
082 ## - DEWEY DECIMAL CLASSIFICATION NUMBER
Edition number 23
Classification number 821.8
Author mark and year BRW 1912
100 1# - MAIN ENTRY--PERSONAL NAME
Personal name Browning, Robert,
Dates associated with a name 1812-1889.
9 (RLIN) 17192
245 04 - TITLE STATEMENT
Title The works of Robert Browning /
Statement of responsibility, etc. with introductions by F. G. Kenyon.
250 ## - EDITION STATEMENT
Edition statement [Centenary ed.]
260 ## - PUBLICATION, DISTRIBUTION, ETC. (IMPRINT)
Place of publication, distribution, etc. London :
Name of publisher, distributor, etc. Smith Elder,
Date of publication, distribution, etc. 1912.
300 ## - PHYSICAL DESCRIPTION
Pagination 10 v. :
Illustrations fronts. (ports.) ;
Size 23 cm.
336 ## - CONTENT TYPE
Content type term text
Content type code txt
Source rdacontent
337 ## - MEDIA TYPE
Media type term unmediated
Media type code n
Source rdamedia
338 ## - CARRIER TYPE
Carrier type term volume
Carrier type code nc
Source rdacarrier
500 ## - GENERAL NOTE
General note "This edition is limited to two hundred and seventy-six sets for sale in the United States of America, of which twenty-six sets are printed on imperial Japanese vellum. The first volume of each set is numbered." This set not numbered.
General note "A chronological list of Robert Browning's poems and plays": v.10, p. 369-377.
505 0# - FORMATTED CONTENTS NOTE
Formatted contents note I. Pauline. Paracelsus. Sordello.--II. Strafford. Pippa passes. King Victor and King Charles. The return of the Druses. A blot in the 'scutcheon. Colombe's birthday.--III. Luria. A soul's tragedy. Dramatic lyrics. Dramatic romances.--IV. Christmas-eve and Easter-day. Men and women. In a balcony. Dramatis personæ.--V-VI. The ring and the book.--VII. Balaustion's adventure. Prince Hohenstiel-Schwangau. Fifine at the fair. Red cotton night-cap country.--VIII. Aristophanes' apology. The inn album. The Agamemnon of Aeschylus.--IX. Pacchiarotto and how he worked in distemper, with other poems. La Saisiaz. The two poets of Croisic. Dramatic idyls, with seven additional poems.--X. Jocoseria. Ferishtah's fancies. Parleyings with certain people of importance in their day. Asolando.
600 ## - SUBJECT ADDED ENTRY--PERSONAL NAME
Personal name Browning, Robert,
Dates associated with a name 1812-1889
General subdivision Criticism and interpretation
Personal name Browning, Robert,
Dates associated with a name 1812-1889
700 1# - ADDED ENTRY--PERSONAL NAME
Personal name Kenyon, Frederic G.
Fuller form of name (Frederic George),
Dates associated with a name 1863-1952,
Relator term ed.
942 ## - ADDED ENTRY ELEMENTS (KOHA)
Source of classification or shelving scheme Dewey Decimal Classification
Koha item type Books
Holdings
Lost status Source of classification or shelving scheme Damaged status Not for loan Permanent Location Current Location Shelving location Date acquired Source of acquisition Cost, normal purchase price Full call number Date last seen Copy number Koha item type Total Checkouts
  Dewey Decimal Classification   Not For Loan Central Library, University of Rajshahi Central Library, University of Rajshahi Rare Book Section   Zeitlinger 800.00 RA 821.8 BRW V-10 1912 15/10/2025 C-1 Books  
  Dewey Decimal Classification   Not For Loan Central Library, University of Rajshahi Central Library, University of Rajshahi Rare Book Section 19/08/1969 zeithinger 800.00 RA 821.8 BRW V-1 1912 15/10/2025 C-1 Books  
  Dewey Decimal Classification   Not For Loan Central Library, University of Rajshahi Central Library, University of Rajshahi Rare Book Section 19/08/1969 zeithinger 800.00 RA 821.8 BRW V-2 1912 15/10/2025 C-1 Books  
  Dewey Decimal Classification   Not For Loan Central Library, University of Rajshahi Central Library, University of Rajshahi Rare Book Section 19/08/1969 zeithinger 800.00 RA 821.8 BRW V-3 1912 15/10/2025 C-1 Books  
  Dewey Decimal Classification   Not For Loan Central Library, University of Rajshahi Central Library, University of Rajshahi Rare Book Section 19/08/1969 zeithinger 800.00 RA 821.8 BRW V-4 1912 15/10/2025 C-1 Books  
  Dewey Decimal Classification   Not For Loan Central Library, University of Rajshahi Central Library, University of Rajshahi Rare Book Section 19/08/1969 zeithinger 800.00 RA 821.8 BRW V-5 1912 15/10/2025 C-1 Books  
  Dewey Decimal Classification   Not For Loan Central Library, University of Rajshahi Central Library, University of Rajshahi Rare Book Section 19/08/1969 zeithinger 800.00 RA 821.8 BRW V-6 1912 15/10/2025 C-1 Books  
  Dewey Decimal Classification   Not For Loan Central Library, University of Rajshahi Central Library, University of Rajshahi Rare Book Section 19/08/1969 zeithinger 800.00 RA 821.8 BRW V-7 1912 15/10/2025 C-1 Books  
  Dewey Decimal Classification   Not For Loan Central Library, University of Rajshahi Central Library, University of Rajshahi Rare Book Section 19/08/1969 zeithinger 800.00 RA 821.8 BRW V-8 1912 15/10/2025 C-1 Books  
  Dewey Decimal Classification   Not For Loan Central Library, University of Rajshahi Central Library, University of Rajshahi Rare Book Section 19/08/1969 zeithinger 800.00 RA 821.8 BRW V-9 1912 15/10/2025 C-1 Books